Policy makers guide to women's land, property and housing rights across the world (Record no. 110392)

MARC details
000 -LEADER
fixed length control field 00776cam a22002175a 4500
001 - CONTROL NUMBER
control field E149158
008 - FIXED-LENGTH DATA ELEMENTS--GENERAL INFORMATION
fixed length control field 100120s2007 xxk f 000 0 eng d
020 ## - INTERNATIONAL STANDARD BOOK NUMBER
International Standard Book Number 9789211319019
035 ## - SYSTEM CONTROL NUMBER
System control number (Sirsi) u149158
041 0# - LANGUAGE CODE
Language code of text/sound track or separate title eng
050 04 - LIBRARY OF CONGRESS CALL NUMBER
Classification number 346.41043 $2 18
110 2# - MAIN ENTRY--CORPORATE NAME
Corporate name or jurisdiction name as entry element UN Habitat
9 (RLIN) 5811
245 00 - TITLE STATEMENT
Title Policy makers guide to women's land, property and housing rights across the world
260 ## - PUBLICATION, DISTRIBUTION, ETC.
Place of publication, distribution, etc. Nairobi
Name of publisher, distributor, etc. UN-HABITAT
Date of publication, distribution, etc. 2007
300 ## - PHYSICAL DESCRIPTION
Extent 40p.
Dimensions 30cm.
520 ## - SUMMARY, ETC.
Summary, etc. Summarises research carried out by UN-HABITAT on issues related to women's property rights in various developing countries, and provides recomendations on dealing with the problems identified with security of tenure.
521 ## - TARGET AUDIENCE NOTE
Target audience note Advanced
651 #4 - SUBJECT ADDED ENTRY--GEOGRAPHIC NAME
Geographic name International
690 ## - LOCAL SUBJECT ADDED ENTRY--TOPICAL TERM (OCLC, RLIN)
Topical term or geographic name as entry element PROPERTY
942 ## - ADDED ENTRY ELEMENTS (KOHA)
Suppress in OPAC 0
Holdings
Withdrawn status Lost status Source of classification or shelving scheme Damaged status Not for loan Home library Current library Shelving location Date acquired Total Checkouts Full call number Barcode Date last seen Copy number Price effective from Koha item type
    Dewey Decimal Classification     London London Folio 20/01/2010   F346.41043 UNI 149158-2001 06/08/2019 1 06/08/2019 Book